00755 2200193 4500001002100000005001500021035002000036245005700056100001700113250001700130300002800147260003100175082000800206084001400214020002200228650001400250520026100264500003600525INLIS00000000000012220240507094301 a0010-05240000441 aPutri Lurina dan hamster yang Kecewa /cLiza Erfiana0 aLiza Erfiana acetakan ke-1 a32 hlm :bilus ;c25 cm aSolo :bTiga Ananda,c2019 a813 a813 LIZ p a978-623-206-258-0 4aBuku anak a“Putri Lurina, yang biasanya rajin memberi makan hamster peliharaannya, kini tidak muncul. Kedua hamster tersebut sampai kelaparan dan kehausan. Mereka pun kecewa dengan sang putri. Memangnya, apa yang terjadi sehingga Putri Lurina tak lagi datang?” aSeri Putri dan Hewan Kesayangan